| 000 | 01142nam a22002777a 4500 | ||
|---|---|---|---|
| 003 | OSt | ||
| 005 | 20250214091814.0 | ||
| 007 | cr ||||||a|c|a | ||
| 008 | 221130b2021 mx ||||fom||| 001 0 spa d | ||
| 040 | _erda | ||
| 100 |
_9185710 _aO Romero, Claudia Veleria De la |
||
| 245 | 1 |
_aAnálisis del comportamiento y competitividad de la producción de mango en México / _cpor Claudia Valeria De la O Romero; director de tesis Ignacio Caamal Cauich |
|
| 264 |
_aChapingo, México : _bEl autor, _c2021. |
||
| 300 |
_a1 recurso en línea (89 páginas). _bgráficas |
||
| 336 |
_2rdacontent _atexto _btxt |
||
| 337 |
_2rdamedia _acomputadora _bc |
||
| 338 |
_2rdacarrier _arecurso en línea _bcr |
||
| 502 |
_bLE _cDICEA _d20221. _gLIC |
||
| 504 | _aIncluye referencias bibliográficas: páginas 62-63 | ||
| 650 | 7 |
_970455 _aMango _xRendimiento |
|
| 650 | 2 |
_9126680 _aMango _xProducción |
|
| 650 | 7 |
_970434 _aMango _xMercadeo |
|
| 700 | 1 |
_aCaamal Cauich, Ignacio _eDirector de tesis _916527 |
|
| 856 |
_uhttp://10.13.5.2/tesis/tl/2021_EA_DelaO_Romero_ClaudiaValeria.pdf _zDESCARGAR PDF |
||
| 942 |
_2Clasificación Universidad Autónoma Chapingo _cTD |
||
| 999 |
_c217898 _d217898 |
||